000
00264nam a2200109Ia 4500
008
190216s9999||||xx |||||||||||||| ||und||
100
_a
Njekkad
245
0
_a
Manalchirakukal
260
_b
Sahithya Pravarthaka Sahakarana Sangam
650
_a
Kavithkal
942
_c
BK
999
_c
25909
_d
25909